00920cam a2200253 a 4500999001300000001000500013003000900018005001700027008004100044020001500085040002300100082001600123100002600139245012100165260005200286300004700338504005100385650001200436650001900448700002800467906004500495942001200540952011400552 c517d5174345BD-DhUAP20200123103541.0200123s1992 iaua b 001 0 eng  a0697128814 aDLCcDLCdBD-DhUAP00a170 ENG2231 aEnglehardt, Elaine E.10aEthics & life :ban interdisciplinary approach to moral problems /cElaine E. Englehardt and Donald D. Schmeltekopf. aDubuque, IA :bWm. C. Brown Publishers,cc1992. aviii, 455 pages :billustrations ;c28 cm. aIncludes bibliographical references and index. 0aEthics. 0aSocial ethics.1 aSchmeltekopf, Donald D. a7bcbccorignewd3eopcnf19gy-gencatlg 2ddccBK 00102ddc4070aUAPCLbUAPCLcGeneral Stacksd2020-01-23o170 ENGp3010004345r2020-01-23t1w2020-01-23yBK